Estadísticas para Mapa Topológico de las Comunidades Autónomas de España

Haz click aquí para intentar la prueba.

Estadísticas generales

  • Esta prueba ha sido intentada 2.448 veces
  • La puntuación promedio es 13 de 15

Respuestas en el mapa

Las respuestas están codificadas por una escala verde-roja en el mapa de la prueba según el % correcto abajo.
 

Estadísticas de respuestas

Respuesta% Correcto
Andalucía
95%
Madrid
93%
Cataluña
91%
Galicia
91%
Extremadura
90%
Comunidad Valenciana
89%
Castilla y León
88%
Murcia
87%
Castilla-La Mancha
86%
Aragón
85%
Cantabria
85%
Asturias
83%
País Vasco
82%
La Rioja
80%
Navarra
76%

Distribución de puntuación

Porcentaje por número respondido

Porcentaje de gente con cada puntuación

Historial de tus puntuaciones

No has intentado esta prueba.